Introduction to information systems / (Record no. 2243)

MARC details
000 -LEADER
fixed length control field 00744nam a2200229 a 4500
001 - CONTROL NUMBER
control field 2245
005 - DATE AND TIME OF LATEST TRANSACTION
control field 20221127090407.0
008 - FIXED-LENGTH DATA ELEMENTS--GENERAL INFORMATION
fixed length control field 101004s lxxua | 00100 eng d
020 ## - INTERNATIONAL STANDARD BOOK NUMBER
International Standard Book Number 9780071283267 :
Terms of availability SR214.00
035 ## - SYSTEM CONTROL NUMBER
System control number 17
082 04 - DEWEY DECIMAL CLASSIFICATION NUMBER
Classification number 658.4038
Item number Ob6 2008
100 1# - MAIN ENTRY--PERSONAL NAME
Personal name O'Brien, James A.
245 10 - TITLE STATEMENT
Title Introduction to information systems /
Statement of responsibility, etc. James O'Brien, George Marakas.
250 ## - EDITION STATEMENT
Edition statement 14th ed.
260 ## - PUBLICATION, DISTRIBUTION, ETC.
Place of publication, distribution, etc. Boston, Mass. :
Name of publisher, distributor, etc. McGraw-Hill,
Date of publication, distribution, etc. 2008.
300 ## - PHYSICAL DESCRIPTION
Extent xxxii, 557 p. :
Other physical details ill. ;
Dimensions 28 cm.
Accompanying material 2 CD.
504 ## - BIBLIOGRAPHY, ETC. NOTE
Bibliography, etc. note Includes bibl. references and index.
650 #4 - SUBJECT ADDED ENTRY--TOPICAL TERM
Topical term or geographic name entry element Business
General subdivision Data processing.
650 #4 - SUBJECT ADDED ENTRY--TOPICAL TERM
Topical term or geographic name entry element Management information systems.
650 #4 - SUBJECT ADDED ENTRY--TOPICAL TERM
Topical term or geographic name entry element Information technology
General subdivision Management.
700 0# - ADDED ENTRY--PERSONAL NAME
Personal name Marakas, George M.,
Relator term jt. auth.
Holdings
Withdrawn status Lost status Source of classification or shelving scheme Damaged status Not for loan Home library Current library Date acquired Total Checkouts Full call number Barcode Date last seen Copy number Price effective from Koha item type
              11/27/2022   658.4038 Ob6 2008 1000000011073 11/27/2022 C2 11/27/2022 Book
              11/27/2022   658.4038 Ob6 2008 1000000011080 11/27/2022 C3 11/27/2022 CD
          CENTRAL CENTRAL 11/27/2022   658.4038 Ob6 2008 1000000007940 11/27/2022 C4 11/27/2022 CD
          KHOBAR KHOBAR 11/27/2022   658.4038 Ob6 2008 1000000003527 11/27/2022 C1 11/27/2022 Book